South Eastern Kenya University

Library Online Public Access Catalogue


Object-oriented requirements analysis and logical design : (Record no. 10987)

MARC details
000 -LEADER
fixed length control field 00675pam a2200169 a 4500
020 ## - ISBN
International Standard Book Number 0471578061 (alk. paper)
020 ## - ISBN
International Standard Book Number 047157807X (pbk. : alk. paper)
050 00 - LIBRARY OF CONGRESS CALL NUMBER
Classification Number QA 76.64
Item Number .F57 1993
100 1# - MAIN ENTRY--Author
Personal name Firesmith, Donald G.,
Dates associated with a name 1952-
245 10 - TITLE
Title Object-oriented requirements analysis and logical design :
Remainder of title a software engineering approach /
Statement of responsibility, etc Donald G. Firesmith.
260 ## - PUBLICATION, DISTRIBUTION, ETC.(IMPRINT)
Place of publication, distribution, etc New York :
Name of publisher, distributor, etc Wiley,
Date of publication, distribution, etc c1993.
300 ## - PHYSICAL DESCRIPTION
Extent xv, 575 p. :
856 4# - URL/ELECTRONIC LOCATION AND ACCESS
Uniform Resource Identifier <a href="http://www.loc.gov/catdir/toc/onix03/92015453.html">http://www.loc.gov/catdir/toc/onix03/92015453.html</a>
856 42 - URL/ELECTRONIC LOCATION AND ACCESS
Uniform Resource Identifier <a href="http://www.loc.gov/catdir/enhancements/fy0706/92015453-d.html">http://www.loc.gov/catdir/enhancements/fy0706/92015453-d.html</a>
856 42 - URL/ELECTRONIC LOCATION AND ACCESS
Uniform Resource Identifier <a href="http://www.loc.gov/catdir/enhancements/fy0706/92015453-b.html">http://www.loc.gov/catdir/enhancements/fy0706/92015453-b.html</a>
942 ## - ADDED ENTRY ELEMENTS(KOHA)
Source of classification or shelving scheme Library of Congress Classification
Koha item type General circulation
Holdings
Source of classification or shelving scheme Not for loan Location (home branch) Sublocation (holding branch) Shelving location Date accessioned Full call number Barcode Nonpublic note Koha item type
Library of Congress Classification   Main Campus Library Main Campus Library   15/02/2016 QA 76.64 .F57 1993 2016/014377 jm General circulation
Kitui, Kenya.
+254736116989
library@seku.ac.ke